Quizzes
Events
Quiz Creation
Community
Videos
Private Events
Remove Ads
Sign In
Join for FREE
Feedback
Dark Mode
Quiz Categories
Sports
Geography
Music
Movies
Television
Just For Fun
Miscellaneous
History
Literature
Language
Science
Gaming
Entertainment
Religion
Holiday
For Kids
Quiz Lab
Recent
Popular Today
Quiz Kudos Today
Editor Picks
Curator Picks
Quizzes by...
Day
Popularity
Type
Ratings
Length
Year
Community
Subscriptions
Recent Discussions
Orange Saloon
Badges
Playlists
Quests
Create
Leaderboards
Showdown
Live 5
Trivia Bingo
Activity
Puzzle Library
Sporcle Events
Private Events
Virtual Trivia
Globe League
Become a Host
Pub Owners
SporcleCon
Opinionation
Our Games
Videos
Blog
Mobile Apps
Partnerships
Remove Ads and Go Orange
Feedback
Miscellaneous
Crossword
General Knowledge
Baby Names
Logo
Food
Cars
Numbers
Grab Bag
University
College
Popular
Company
Slogans
Restaurants
Justice
Letter
Miscellaneous
Crossword
General Knowledge
Baby Names
Logo
Food
Cars
Numbers
Grab Bag
University
College
Popular
Company
Slogans
Restaurants
Justice
Letter
Random Quiz
Search Sporcle
×
Quiz Lab
Quiz Lab
Miscellaneous
League
Type in answers that appear in a list
Type in answers that appear in a list
Classic
Best Score? Go Orange.
Southern Ivies Stats
Can you name the Southern Ivy League schools?
By
hallac7
4m
10 Questions
942 Plays
942 Plays
942 Plays
Comments
Comments
Give Quiz Kudos
Give Quiz Kudos
-
- Ratings
hide this ad
Replay
Link that replays current quiz
Next Quiz
Link to next quiz in quiz playlist
You Got
0%
They Got
Avg Score
66%
Avg Friend Score
Upgrade to see
Score Distribution
Jump to the score distribution portion of the page
Score
0/10
Timer
04:00
0
Plays Today
Year Founded
School
% Correct
1873
Vanderbilt University
86.9%
1838
Duke University
86.8%
1836
Emory University
71.1%
1819
University of Virginia
68.7%
1795
University of North Carolina at Chapel Hill
68.2%
1912
Rice University
66.9%
1834
Tulane University
65.8%
1693
College of William & Mary
63.7%
1834
Wake Forest University
51.1%
1911
Southern Methodist University
37.2%
Quiz Playlist
Details
Report
Send in Message
Add To Playlist
Classic:
Type in answers that appear in a list
Quiz Source
Last Updated: Feb 16, 2017
Quiz Scoreboard
CHALLENGE
Sign Up to Join the Scoreboard
Show All
Scores
Hide
Comments
May contain spoilers
Recently Published
Pick 6: Fruits
by JohnFran
Miscellaneous
15s
Click the 1999 NBA Draft
by nibperrychub
Sports
2m
Alphabetical 'K' Countries by Flag Minefield
by ylime102
Geography
3m
More to Explore
Quiz From the Vault
Featured Blog Post
15 Basketball Trivia Facts You Can Be March Mad About
hide this ad
You Might Also Like...
Tags
Founded
Ivy
Ivy League
League
school
Southern
Today's Top Quizzes in Miscellaneous
Browse Miscellaneous
hide this ad
Today's Top Quizzes in League
Browse League
Top Contributed Quizzes in Miscellaneous
1
The JOE quick-fire general knowledge quiz: Day 166
2
The JOE quick-fire general knowledge quiz: Day 165
3
Guess the 'S' Things in 3 Words
4
Guess the 'T' Things in 3 Words
5
Guess the 'V' Things in 3 Words
6
Guess the 'W' Things in 3 Words
7
Guess the 'Y' Things in 3 Words
8
Sporcle Acrostic Puzzle XXXV
9
The JOE quick-fire general knowledge quiz: Day 164
10
Enormous Crossword: Best Actress Oscar
Explore More
Trending Topics
NBA
Anime
Crossword
Marvel
Disney
Kpop
Harry Potter
Country
WWE
Pokémon
Song
The Office
NFL
Puzzle
Soccer
hide this ad
More By:
hallac7
Quiz
Plays
Rating
Category
Featured
Created
D-I Basketball Conference Tournaments
2,118
4.35
Sports
Mar 11, 2010
The Dark Knight Quotes
2,011
3.60
Movies
Nov 17, 2009
Manchester United Starting Lineup
1,312
5.00
Sports
Nov 20, 2009
Southern Ivies
942
4.75
Miscellaneous
Dec 6, 2009
Most Valuable Sports Franchises
452
3.00
Sports
Nov 20, 2009
Go to Creator's Profile
Score Distribution
Quiz Creator Spotlight
hallac7
Follow
Send a Message
Quizzes Created
-
Created Quiz Play Count
-
More By This Creator
Popular Quizzes Today
1
Countries of Asia Without Outlines Minefield
2
Find the US States - No Outlines Minefield
3
Pick 6: Fruits
4
Alphabetical 'K' Countries by Flag Minefield
5
The Countries of the World
6
Click the 1999 NBA Draft
7
Match the Book to the Film X
8
Find the US States
More Miscellaneous Quizzes
Hiding Logos X
Quiz Lab
Trending Quizzes
Donkey Kong Minefield
Multiplication Danger Zone
DC Extended Universe: Oldest to Newest
The 3rd Thing You Need to Know: Actresses
Minefield Map: North American Capitals
Recently Updated
Women's Final Four Teams by Year
bhenderson79
Presidents Quartet II
eogle
Anything But Clue(do)
eogle
Anything But Oceanian Capitals
eogle
Anything But 7
eogle
Anything But Thing
eogle
Word Ladder: February 29
pecheneg
Song Title Questions
pecheneg
Women's NCAA Tournament #1 Seeds
pecheneg
Celebrity Mug Shots
pecheneg
Trending Topics
Anime
Disney
Marvel
Harry Potter
Crossword
Kpop
NBA
The Office
WWE
Soccer
Pokémon
Country
Puzzle
Song
NFL
Your Account Isn't Verified!
In order to create a playlist on Sporcle, you need to verify the email address you used during registration. Go to your
Sporcle Settings
to finish the process.
Report this User
Report this user for behavior that violates our
Community Guidelines
.
Details:
Send Report
Go to the Sporcle.com Mobile Site →
Comments